000 00540nam a2200181Ia 4500
005 20250923144910.0
008 008 250917s9999 xx 000 0 eng d
037 _aTextual
040 _aDSWL
_beng
_cDSWL
041 _aeng
_2eng
084 _qDSWL
245 0 _aCensus of India 1961, Vol. VIII, Madhya Pradesh Part VI, Village survey monographs No. 2, district Raipur Village Bindri
260 _aDelhi
_bThe Manager of Publicatio
_c1964
365 _aINR
_b3.45
925 _g3.45
942 _cTEXL
999 _c1444730
_d1444730